Movies Quiz

Random Movies or Song Quiz

Disney Sidekick by Song Quiz Stats

 Plays Quiz Updated Aug 15, 2018

Score 0/15 Timer 04:00
1 Play Today
% Correct
Sebastian
97.6%
Lumière
96%
Timon
95.5%
Baloo
92.8%
Jiminy Cricket
91.8%
Olaf
89.1%
Thomas O'Malley
87.2%
Little John
86.1%
% Correct
Genie
82.3%
Maui
82.1%
Yao
77.3%
Dodger
74.8%
Terk
69.2%
Philoctetes
65.5%
Laverne
46.7%

You're not logged in!

Compare scores with friends on all Sporcle quizzes.
OR
Log In

Sporcle TV

Today on Sporcle TV


Watch our educational content, quiz creation guides, and fun videos on Sporcle TV.

Show Comments

Extras

Top Quizzes Today


Score Distribution

Your Account Isn't Verified!

In order to create a playlist on Sporcle, you need to verify the email address you used during registration. Go to your Sporcle Settings to finish the process.

Report this User

Report this user for behavior that violates our Community Guidelines.

Details: